Name That Animal #2 - Statistics

General Stats
  • This quiz has been taken 33 times
  • The average score is 12 of 14
Answer Stats
Picture Answer % Correct
Dog
100%
Lion
100%
Tiger
100%
Cat
94%
Cobra
94%
Bear
88%
Deer
88%
Raccoon
88%
Swan
88%
Beaver
82%
Bison
82%
Koala
82%
Rabit
76%
Otter
71%
No matching quizzes found
Score Distribution
Percent of People with Each Score
Percentile by Number Answered
Your Score History
You have not taken this quiz